A Quality of Work Life (Record no. 69050)

MARC details
000 -LEADER
fixed length control field 00392nam a2200145Ia 4500
008 - FIXED-LENGTH DATA ELEMENTS--GENERAL INFORMATION
fixed length control field 221007s9999 xx 000 0 und d
041 ## - LANGUAGE CODE
Language code of text/sound track or separate title eng
082 ## - DEWEY DECIMAL CLASSIFICATION NUMBER
Item number PAt
100 ## - MAIN ENTRY--PERSONAL NAME
Personal name Pathade Kiran - 2K111111 & Prof. Manasi Javadekar - Guide
9 (RLIN) 101895
245 #2 - TITLE STATEMENT
Title A Quality of Work Life
260 ## - PUBLICATION, DISTRIBUTION, ETC. (IMPRINT)
Date of publication, distribution, etc. 2013
Name of publisher, distributor, etc. Pune University
Place of publication, distribution, etc. Mumbai
300 ## - PHYSICAL DESCRIPTION
Extent 72p
520 ## - SUMMARY, ETC.
Summary, etc. Javadekar Manasi
906 ## - LOCAL DATA ELEMENT F, LDF (RLIN)
b General
Holdings
Withdrawn status Lost status Damaged status Not for loan Home library Current library Date acquired Vendor Total Checkouts Full call number Barcode Date last seen Bill Date Koha item type Original Barcode
        Smt. Hiraben Nanavati Institute of Management & Research for Women Smt. Hiraben Nanavati Institute of Management & Research for Women 13/08/2013 HNIMR   PAt HIMR-PR-508 07/10/2022 13/08/2013 Project Reports PR0508